|
|
|
|
| LEADER |
00000nab a2200000uu 4500 |
| 001 |
vtls011506535 |
| 003 |
SK-MaSNL |
| 005 |
20260304030237.0 |
| 008 |
250310|1971 xo |||||||||||||||||cze| |
| 015 |
|
|
|a SNBRB
|
| 035 |
|
|
|a (urnnbn)urn:nbn:sk:snk:ar-a0bvfe
|
| 035 |
|
|
|a (uuid)c33a0d15-76d0-4dcb-9a63-25a4befd737e
|
| 035 |
|
|
|a urn:nbn:sk:snk-abdzp3
|
| 040 |
|
|
|a SNKBUCL
|b slo
|c SNKBUCL
|e AACR2
|
| 041 |
0 |
|
|a cze
|
| 044 |
|
|
|a xo
|c SK
|
| 100 |
1 |
|
|a Slabý, Zdeněk Karel,
|d 1930-2020
|4 aut
|9 99413
|
| 245 |
1 |
0 |
|a Patnáct let
|c Z. K. Slabý
|
| 773 |
0 |
|
|t Zlatý máj : kritická revue tvorby pro mládež
|g Roč. 15, č. 7 (1971), s. 424-428
|
| 958 |
|
|
|a OND
|
| 958 |
|
|
|a article20
|
| 999 |
|
|
|c 2632874
|d 2634804
|